Operations management: sustainability and supply chain management/ (Record no. 613601)

000 -LEADER
fixed length control field 00509nam a22001697a 4500
020 ## - INTERNATIONAL STANDARD BOOK NUMBER
International Standard Book Number 9789673498543
082 ## - DEWEY DECIMAL CLASSIFICATION NUMBER
Classification number 658.5
Author Mark HEI
100 ## - MAIN ENTRY--PERSONAL NAME
Personal name Heizer, Jay
245 ## - TITLE STATEMENT
Title Operations management: sustainability and supply chain management/
Statement of responsibility, etc. Jay Heizer, Barry Render, Chuck Munson, Amit Sachan
250 ## - EDITION STATEMENT
Edition statement 12th Edition
260 ## - PUBLICATION, DISTRIBUTION, ETC.
Place of publication, distribution, etc. India;
Name of publisher, distributor, etc. Pearson,
Date of publication, distribution, etc. 2017
300 ## - PHYSICAL DESCRIPTION
Extent xxx, 724 p.
Dimensions 24 cm.
504 ## - BIBLIOGRAPHY, ETC. NOTE
Bibliography, etc. note Excluding appendixes
563 ## - BINDING INFORMATION
Binding note PB
650 ## - SUBJECT ADDED ENTRY--TOPICAL TERM
Topical term or geographic name entry element Supply chain management
942 ## - ADDED ENTRY ELEMENTS (KOHA)
Source of classification or shelving scheme
Koha item type Book
650 ## - SUBJECT ADDED ENTRY--TOPICAL TERM
-- 19120
Holdings
Withdrawn status Lost status Source of classification or shelving scheme Damaged status Not for loan Permanent Location Current Location Shelving location Date acquired Source of acquisition Cost, normal purchase price Total Checkouts Total Renewals Full call number Barcode Date last seen Date last checked out Price effective from Koha item type
          Central Library (CL) Central Library (CL) Supply Chain Management 04/16/2025 Pak Book Corporation 3691.67 1 1 658.5 HEI CL-1709 01/02/2026 11/28/2025 04/16/2025 Book
© 2023 Central Library, National University of Sciences and Technology. All Rights Reserved.